LEADER 01053nam0-2200337---4500 001 990009945540403321 005 20170201155359.0 010 $a0262081504$bHardback 010 $a026258087X$bPaperback 035 $a000994554 035 $aFED01000994554 035 $a(Aleph)000994554FED01 035 $a000994554 100 $a20150311d1985----km-y0itay50------ba 101 0 $aeng 102 $aUS 105 $a--------001yy 200 1 $aMarket structure and foreign trade$eincreasing returns, imperfect competition and the international economy$fElhanan Helpman and Paul R. Krugman 210 $aCambridge; Massachusetts$aLondon$cMit press$dc1985 215 $aXII, 271 p.$d24 cm 700 1$aHelpman,$bElhanan$0128673 701 1$aKrugman,$bPaul R.$f<1953- >$0118463 801 0$aIT$bUNINA$gRICA$2UNIMARC 901 $aBK 912 $a990009945540403321 952 $aISVE F1-F4.216$fDECTS 952 $aO/31 HEL$b2880$fSES 959 $aDECTS 959 $aSES 996 $aMarket structure and foreign trade$9820716 997 $aUNINA LEADER 01834cam2-2200481---450 001 990001768210203316 005 20180627093439.0 035 $a000176821 035 $aUSA01000176821 035 $a(ALEPH)000176821USA01 035 $a000176821 100 $a20040617d1973----km-y0itay50------ba 101 $aita 102 $aIT 105 $a||||||||001yy 200 1 $a<> Manifesto e i suoi interpreti$fsaggio introduttivo a cura di Gian Mario Bravo 210 $aRoma$cEditori riuniti$d1973 215 $aCLVI, 538 p.$d21 cm 225 2 $aBiblioteca del pensiero moderno$v36 300 $aContiene la traduzione italiana de Il Manifesto del Partito comunista 410 0$1001000242403$12001$aBiblioteca del pensiero moderno$v, 36 512 1 $a<> Manifesto del Partito comunista e i suoi interpreti 604 $aMarx, Karl . Manifest der kommunistischen Partei 604 $aEngels, Friedrich . Manifest der kommunistischen Partei 676 $a335.422 702 1$aBRAVO,$bGian Mario 801 0$aIT$bsalbc 912 $a990001768210203316 951 $aII.1. Coll. 89/ 35(IV C Coll. 52/36)$b57545 L.M.$cII.1. Coll.$d00028238 951 $aII.1. Coll. 89/ 35 a(IV C Coll. 52/36 A)$b139329 L.M.$cII.1. Coll.$d00028233 951 $aII.1. Coll. 89/ 35 b(IV C Coll. 52/36 bis)$b57211 L.M.$cII.1. Coll.$d00028228 951 $aXV.14.A. 690$b263939 L.M.$cXV.14.$d414643 959 $aBK 969 $aUMA 969 $aFVIG 979 $aSIAV7$b10$c20040617$lUSA01$h1656 979 $aCOPAT3$b90$c20050609$lUSA01$h1350 979 $aANNAMARIA$b90$c20131120$lUSA01$h1208 979 $aANNAMARIA$b90$c20131120$lUSA01$h1208 979 $aANNAMARIA$b90$c20131120$lUSA01$h1230 979 $aANNAMARIA$b90$c20131120$lUSA01$h1231 996 $aManifesto e i suoi interpreti$9669479 997 $aUNISA